00362pab a2200145 454500008004000000100002000040245006200060260000900122300001300131362001000144650001800154650001000172700001900182773001500201180718b2008 xxu||||| |||| 00| 0 eng d aSethy, Minakshi aStrengthening molestation law for women's safety in India c2008 ap.19-22. a8 Mar aWomen - India aWomen aSethy, Prabira aMainstream